| 000 | 00361 a2200109 4500 | ||
|---|---|---|---|
| 001 | ART_12450 | ||
| 005 | 20260410161906.0 | ||
| 008 | 260409a | ||
| 245 | 1 | 0 | _aA test for distributional assumptions for the stochastic frontier functions |
| 100 | 1 | _aLee, Lung-Fei | |
| 773 | 0 |
_tJournal of econometrics _g- Vol. 22, NÂș 3 (ago. 1983) _wREV11720 |
|
| 999 |
_c26379 _d26379 |
||